Tiempos difíciles para estos tiempos / (Record no. 9246)

MARC details
000 -LEADER
campo de control de longitud fija 00798nam a2200229 i 4500
001 - NÚMERO DE CONTROL
campo de control 9246
003 - IDENTIFICADOR DE NÚMERO DE CONTROL
campo de control ES-MaACL
005 - FECHA Y HORA DE LA ÚLTIMA TRANSACCIÓN
campo de control 20230906145633.0
008 - DATOS DE LONGITUD FIJA--INFORMACIÓN GENERAL
campo de control de longitud fija 930526s1992 sp ||||1| spa d
020 ## - NÚMERO INTERNACIONAL ESTÁNDAR DEL LIBRO
Número Internacional Estándar del Libro 84-376-1070-2
080 ## - NÚMERO DE LA CLASIFICACIÓN DECIMAL UNIVERSAL
Número de la Clasificación Decimal Universal 821.111-31"18"
100 1# - ENTRADA PRINCIPAL--NOMBRE DE PERSONA
Nombre de persona Dickens, Charles.
9 (RLIN) 44489
245 10 - MENCIÓN DEL TÍTULO
Título Tiempos difíciles para estos tiempos /
Mención de responsabilidad, etc. Charles Dickens ; edición de Fernando Galván ; traducción de Amando Lázaro Ros, revisada y corregida por Fernando Galván.
260 ## - PUBLICACIÓN, DISTRIBUCIÓN, ETC.
Lugar de publicación, distribución, etc. Madrid :
Nombre del editor, distribuidor, etc. Cátedra,
Fecha de publicación, distribución, etc. [1992]
300 ## - DESCRIPCIÓN FÍSICA
Extensión 447 p. :
Otras características físicas 1 retr. autor ;
Dimensiones 18 cm.
490 1# - MENCIÓN DE SERIE
Mención de serie Letras universales ;
Designación de volumen o secuencia 170
700 1# - ENTRADA AGREGADA--NOMBRE PERSONAL
Nombre de persona Galván, Fernando.
9 (RLIN) 53685
700 1# - ENTRADA AGREGADA--NOMBRE PERSONAL
Nombre de persona Lázaro Ros, Amando.
9 (RLIN) 70807
830 1# - PUNTO DE ACCESO ADICIONAL DE SERIE-TÍTULO UNIFORME
Título uniforme Letras universales ;
Designación de volumen o secuencia 170
9 (RLIN) 178013
852 4# - LOCALIZACIÓN
Ubicación ES-MaACL
Número de control de estantería L-16745
Holdings
Estatus retirado Estado de pérdida Estado de daño No para préstamo Biblioteca de origen Biblioteca actual Ubicación en estantería Fecha de adquisición Fuente de adquisición Total de préstamos Signatura topográfica completa Código de barras Visto por última vez Precio de reemplazo Tipo de ítem Koha
        Biblioteca del Ateneo de Madrid Biblioteca del Ateneo de Madrid Depósito 2 17/01/2008     L-16745 1009435 23/02/2023 23/02/2023 Libro impreso